Central Library OPAC University of Rajshahi

Weak interactions, and topics in dispersion physics : (Record no. 67276)

MARC details
000 -LEADER
fixed length control field 00705nam a22002291a 4500
001 - CONTROL NUMBER
control field 67276
003 - CONTROL NUMBER IDENTIFIER
rucl marc code BD-RjUL
005 - DATE AND TIME OF LATEST TRANSACTION
control field 20211209081631.0
008 - FIXED-LENGTH DATA ELEMENTS--GENERAL INFORMATION
fixed length control field 850102s1963 nyua 100 0 eng
035 ## - SYSTEM CONTROL NUMBER
System control number (BD-RjUL)67407
040 ## - CATALOGING SOURCE
Original cataloging agency DLC/ICU
Transcribing agency ICU
Modifying agency DLC
-- BD-RjUL
Language of cataloging eng
041 ## - LANGUAGE CODE
Language code of text/sound track or separate title eng
082 00 - DEWEY DECIMAL CLASSIFICATION NUMBER
Edition number 23
Classification number 539.7215
Author mark and year WEA 1963
245 10 - TITLE STATEMENT
Title Weak interactions, and topics in dispersion physics :
Remainder of title lecture notes /
Statement of responsibility, etc. Christian Fronsdal, editor.
260 ## - PUBLICATION, DISTRIBUTION, ETC. (IMPRINT)
Place of publication, distribution, etc. New York :
Name of publisher, distributor, etc. W.A. Benjamin,
Date of publication, distribution, etc. 1963.
300 ## - PHYSICAL DESCRIPTION
Pagination 269 p. :
Illustrations ill. ;
Size 24 cm.
650 #0 - SUBJECT ADDED ENTRY--TOPICAL TERM
Topical term or geographic name as entry element Neutrinos.
9 (RLIN) 199333
Topical term or geographic name as entry element Dispersion.
9 (RLIN) 199334
700 1# - ADDED ENTRY--PERSONAL NAME
Personal name Fronsdal, Christian,
Dates associated with a name 1931-
Relator term ed.
942 ## - ADDED ENTRY ELEMENTS (KOHA)
Source of classification or shelving scheme Dewey Decimal Classification
Koha item type Books
Holdings
Lost status Source of classification or shelving scheme Damaged status Not for loan Collection code Permanent Location Current Location Shelving location Date acquired Source of acquisition Cost, normal purchase price Total Checkouts Full call number Date last seen Copy number Koha item type
  Dewey Decimal Classification   Not For Loan Non-fiction Central Library, University of Rajshahi Central Library, University of Rajshahi Reading Room 06/11/1965 Zeitliner. 80.00   539.7215 WEA 1963 23/03/2017 C-1 Books